| 000 | 00385nam a2200145 a 4500 | ||
|---|---|---|---|
| 001 | 404 | ||
| 003 | CDMR | ||
| 005 | 20130703125541.0 | ||
| 008 | 130130s1996||||||||||||||||||||||||||||d | ||
| 040 |
_aCDMR _bcat _cCPC GIRONA |
||
| 100 | 1 |
_aDuran, David _9282 |
|
| 245 | 1 | 0 |
_aCataconya _bLa via ridiculista d'accés a la independència _cDuran, David |
| 260 |
_c1996 _bLa Magrana |
||
| 942 |
_cMON _2udc |
||
| 999 |
_c404 _d404 |
||